Current NBA Players Who Skipped College - Statistics

General Stats
  • This quiz has been taken 26 times
  • The average score is 4 of 15
Answer Stats
Current Team Player % Correct
Cleveland Cavaliers Lebron James
100%
Charlotte Hornets Dwight Howard
64%
Memphis Grizzlies Marc Gasol
48%
Houston Rockets Gerald Green
36%
Cleveland Cavaliers J.R. Smith
36%
Philadelphia 76ers Amir Johnson
24%
Los Angeles Clippers Lou Williams
24%
Phoenix Suns Tyson Chandler
24%
New York Knicks Emmanuel Mudiay
16%
Golden State Warriors Shaun Livingston
16%
Oklahoma City Thunder Terrance Ferguson
16%
Toronto Raptors C.J. Miles
12%
Milwaukee Bucks Thon Maker
12%
Indiana Pacers Al Jefferson
8%
Chicago Bulls Cristiano Felício
8%
No matching quizzes found
Score Distribution
Percent of People with Each Score
Percentile by Number Answered
Your Score History
You have not taken this quiz